Normal view
MARC view
Entry Personal Name
001 - CONTROL NUMBER
- control field: 1238257
003 - CONTROL NUMBER IDENTIFIER
- control field: OSt
005 - DATE AND TIME OF LATEST TRANSACTION
- control field: 20260430150713.0
008 - FIXED-LENGTH DATA ELEMENTS
- fixed length control field: 260430|| aca||aabn | a|a d
040 ## - CATALOGING SOURCE
- Original cataloging agency: OSt
- Transcribing agency: OSt
100 ## - HEADING--PERSONAL NAME
- Personal name: Kataria Suraj Au.; Saraswathy K. N. Gu.; Sachdeva M. P. Gu
670 ## - SOURCE DATA FOUND
- Source citation: Work cat.: (OSt)1850428: Kataria Suraj Au.; Saraswathy K. N. Gu.; Sachdeva M. P. Gu., Association and Prediction of Human Externally Visible Characteristics (EVCs) Using Single Nucleotide Polymorphisms (SNPs): Implications for Forensic DNA Phenotyping (FDP), 2024
